BIBLIOTECA PODER JUDICIAL
Portal Judicial TDF

Balance, consolidación y desafíos en alimentos a los/as hijos/as / (Registro nro. 5861)

000 -LEADER
fixed length control field 01355nab a22002297a 4500
003 - CONTROL NUMBER IDENTIFIER
control field OSt
005 - DATE AND TIME OF LATEST TRANSACTION
control field 20260108224715.0
008 - FIXED-LENGTH DATA ELEMENTS--GENERAL INFORMATION
fixed length control field 190514b xxu||||| |||| 00| 0 spa d
040 ## - CATALOGING SOURCE
Transcribing agency PJ
100 ## - MAIN ENTRY--PERSONAL NAME
9 (RLIN) 5059
Personal name Notrica, Federico Pablo
245 10 - TITLE STATEMENT
Title Balance, consolidación y desafíos en alimentos a los/as hijos/as /
Statement of responsibility, etc Federico P. Notrica, Patricio J. Curti.
300 ## - PHYSICAL DESCRIPTION
Extent p. 232-245
505 ## - FORMATTED CONTENTS NOTE
Formatted contents note Sumario: I. Los alimentos desde las perspectivas de niñez y de géneros: una primera década con victorias y derrotas, aunque con revanchas.— II. Los alimentos derivados de la responsabilidad parental.— III. Alimentos al hijo/a con discapacidad.— IV. Obligación alimentaria entre parientes y un supuesto novedoso de creación jurisprudencial.— V. El índice de crianza: una política pública en cruce con las tareas de cuidado.— VI. Medidas para asegurar el cumplimiento: efectividad con razonabilidad.— VII. Cierre.
505 ## - FORMATTED CONTENTS NOTE
Title Si te interesa el texto, comunicate a koha@justierradelfuego.gov.ar
650 #0 - SUBJECT ADDED ENTRY--TOPICAL TERM
9 (RLIN) 1497
Topical term or geographic name as entry element CODIGO CIVIL Y COMERCIAL
650 #0 - SUBJECT ADDED ENTRY--TOPICAL TERM
9 (RLIN) 967
Topical term or geographic name as entry element DERECHO DE FAMILIA
650 #0 - SUBJECT ADDED ENTRY--TOPICAL TERM
9 (RLIN) 968
Topical term or geographic name as entry element ALIMENTOS
650 #0 - SUBJECT ADDED ENTRY--TOPICAL TERM
9 (RLIN) 1074
Topical term or geographic name as entry element OBLIGACION ALIMENTARIA
700 ## - ADDED ENTRY--PERSONAL NAME
9 (RLIN) 5661
Personal name Curti, Patricio J.
Función coautor
773 0# - HOST ITEM ENTRY
Host Biblionumber 2844
Host Itemnumber 3222
Place, publisher, and date of publication Buenos Aires : AbeledoPerrot, 1989-
Title Derecho de familia. N° 120 - Julio 2025
International Standard Book Number 18511201
942 ## - ADDED ENTRY ELEMENTS (KOHA)
Source of classification or shelving scheme
Koha item type Analítica Artículo de Revista

No hay ítems disponibles.

12 de Octubre 789 Ushuaia - Tel:  54(02901)441571
Horario de Atención: 8.00 a 17.00 hs. 
bibliotecaush@justierradelfuego.gov.ar
koha@justierradelfuego.gov.ar
Seguinos en nuestras redes @bibliojustdf 

Con tecnología Koha